Fußball: Alle Bundesliga-Trainer seit 2000 - Statistiken

Allgemein
  • Dieses Quiz wurde 1.907 mal gespielt
    492 seit der letzten Aktualisierung
  • Das Durchschnittsergebnis liegt bei 178 aus 337
Antwortstatistiken
% Korrekt
2009 - 2014 | 2015 - 2017 | 2023 - 2024 Thomas Tuchel
94%
2001 - 2008 | 2008 - 2015 Jürgen Klopp
93%
2016 - 2018 | 2018 - 2019 | 2022 - 2024 Niko Kovac
91%
Niko Kovač
91%
2016 - 2019 | 2019 - 2021 | 2021 - 2023 Julian Nagelsmann
90%
Vincent Kompany
90%
2003 - 2004 | 2006 - 2007 | 2009 - 2011 | +2 others Jupp Heynckes
89%
2016 - 2019 | 2020 Manuel Baum
87%
2013 - 2016 Pep Guardiola
87%
2022 - Xabi Alonso
87%
2019 - 2021 Hansi Flick
86%
2020 - 2021 | 2022 - Edin Terzic
85%
2007 - Frank Schmidt
84%
2014 - 2017 Roger Schmidt
84%
1999 - 2001 | 2001 - 2004 | 2004 - 2007 | +4 others Felix Magath
83%
2007 - 2009 | 2011 - 2015 | 2018 - 2020 Lucien Favre
82%
Nuri Şahin
82%
2017 - 2021 | 2021 - Steffen Baumgart
82%
2016 - 2017 Carlo Ancelotti
81%
2021 - Ole Werner
81%
2020 - 2022 | 2023 - Sebastian Hoeneß
81%
2012 - Christian Streich
80%
2004 - 2006 | 2006 - 2009 | 2009 - 2012 | +2 others Dieter Hecking
80%
2019 - 2021 | 2021 - 2022 | 2022 - Marco Rose
80%
2019 - 2020 David Wagner
79%
Sandro Wagner
79%
1999 - 2013 | 2014 - 2015 | 2016 Thomas Schaaf
79%
2008 - 2009 | 2019 - 2020 Jürgen Klinsmann
78%
2018 - Urs Fischer
78%
2023 - Dino Toppmöller
77%
2001 - 2003 | 2003 - 2004 Klaus Toppmöller
77%
2009 - 2011 Louis van Gaal
77%
2021 - Bo Svensson
76%
Julian Schuster
76%
2008 - 2009 | 2009 - 2010 | 2010 - 2013 | +4 others Bruno Labbadia
75%
2012 - 2016 | 2016 Dirk Schuster
75%
1998 - 2004 | 2007 - 2008 Ottmar Hitzfeld
74%
2021 - 2022 | 2023 - Gerardo Seoane
73%
1996 - 2002 | 2002 - 2003 | 2007 - 2008 | +5 others Huub Stevens
72%
2013 - 2017 | 2017 - 2018 Peter Stöger
72%
Erik ten Hag
71%
2015 - 2019 | 2021 | 2023 - 2024 Pal Dardai
71%
2012 - 2016 | 2016 - 2017 | 2018 - 2019 | 2021 - 2022 Markus Weinzierl
70%
1999 - 2001 | 2001 - 2004 | 2004 - 2005 | +3 others Ralf Rangnick
70%
2019 - 2021 | 2021 - 2023 Oliver Glasner
69%
2017 | 2019 - 2021 Peter Bosz
69%
2008 - 2018 | 2021 - Torsten Lieberknecht
69%
2013 - 2016 | 2016 - 2018 Ralph Hasenhüttl
68%
2017 - 2019 | 2021 - 2022 Domenico Tedesco
66%
2018 - 2021 | 2021 - 2022 Adi Hütter
65%
2002 - 2003 | 2006 - 2008 | 2009 - 20010 | +3 others Armin Veh
64%
2011 - 2014 Armnin Veh
64%
2000 - 2001 | 2002 - 2003 | 2004 - 2009 | +2 others Friedhelm Funkel
64%
2017 - 2021 | 2021 - 2022 Florian Kohfeldt
62%
Merlin Polzin
62%
2003 - 2005 | 2008 - 2013 | 2016 Norbert Meier
62%
Bo Henriksen
60%
2009 - 2010 | 2020 - 2021 Christian Gross
59%
1996 - 2000 | 2006 - 2009 | 2011 Christoph Daum
59%
1999 - 2003 | 2003 - 2004 | 2005 - 2008 | 2008 - 2009 Hans Meyer
59%
2013 - 2015 | 2017 | 2018 | 2021 - 2022 Tayfun Korkut
59%
2004 - 2007 | 2007 - 2008 | 2019 Thomas Doll
59%
2011 - 2013 Thorsten Fink
59%
2007 - 20011 | 2011 - 2012 | 2013 - 2014 Robin Dutt
58%
2000 - 2004 | 2004 - 2005 Matthias Sammer
57%
1996 - 2000 | 2012 Otto Rehhagel
57%
2020 - 2022 | 2023 - Pellegrino Matarazzo
57%
2013 - 2015 | 2015 - 2016 | 2017 - 2019 | 2022 - 2023 André Breitenreiter
56%
Horst Steffen
56%
2006 - 2008 | 2010 - 2013 | 2014 Mirko Slomka
56%
2007 - 2008 | 2009 - 2012 | 2012 - 2015 Jos Luhukay
55%
2017 - 2019 | 2022 - 2023 Sandro Schwarz
55%
1991 - 2007 Volker Finke
55%
2023 - Jess Thorup
54%
2019 - 2022 | 2022 - 2023 Thomas Reis
54%
2015 - 2017 | 2017 - 2018 | 2019 - 2020 Martin Schmitt
53%
2013 - 2015 | 2021 - 2022 | 2022 Frank Kramer
52%
2016 - 2018 Hannes Wolf
52%
1998 - 2003 | 2003 - 2005 | 2005 - 2007 Wolfgang Wolf
52%
Lukas Kwasniok
51%
Christian Ilzer
50%
2013 - 2015 | 2016 - 2018 | 2019 - 2021 Markus Gisdol
49%
2001 - 2005 | 2005 - 2006 Peter Neururer
49%
2016 - 2017 | 2020 Alexander Nouri
48%
2018 Christian Titz
48%
Marcel Rapp
47%
2006 - 2007 | 2008 - 2009 | 2009 - 2011 | 2015 Michael Frontzeck
47%
2014 - 2016 Viktor Skripnik
47%
2004 - 2006 | 2013 - 2014 Bert van Marwijk
46%
2014 - 2015 Roberto Di Matteo
45%
2019 - 2022 Stefan Leitl
45%
2000 Udo Lattek
45%
2010 | 2012 - 2014 Jens Keller
44%
2021 Jesse Marsch
44%
2008 - 2009 | 2010 - 2011 | 2012 Markus Babbel
44%
1992 - 2001 Werner Lorant
44%
Alexander Blessin
43%
2015 - 2016 André Schubert
43%
2021 Mark van Bommel
43%
2009 | 2009 - 2013 Mike Büskens
42%
2022 - 2023 Daniel Farke
41%
2008 - 2011 | 2011 - 2012 Holger Stanislawski
41%
2009 - 2010 | 2017 - 2018 | 2020 - 2021 Heiko Herrlich
40%
2016 - 2017 Torsten Frings
40%
2005 - 2008 | 2009 - 2011 | 2012 Michael Skibbe
39%
2019 Ante Covic
37%
2005 - 2006 Giovanni Trapattoni
35%
1996 - 2002 | 2003 - 2004 | 2006 - 2007 Jürgen Röber
35%
2008 - 2009 Martin Jol
35%
2014 - 2015 Kasper Hjulmand
34%
2011 Marcus Sorg
34%
2012 - 2014 Sami Hyypiä
34%
2022 - 2024 Thomas Letsch
34%
2019 | 2019 - 2020 Achim Beierlorzer
33%
2022 - 2023 Enrico Maaßen
33%
Paul Simonis
33%
2018 - 2021 Uwe Neuhaus
33%
1994 - 2004 Eduard Geyer
31%
2002 | 2003 - 2004 | 2004 - 2007 Falko Götz
31%
2019 - 2020 Alfred Schreuder
30%
2020 - 2021 Uwe Rösler
30%
2016 - 2017 Valérien Ismaël
30%
2018 Bernd Hollerbach
29%
1997 - 2001 | 2005 - 2008 Frank Pagelsdorf
29%
Nenad Bjelica
29%
2015 Alexander Zorniger
28%
Timo Schultz
27%
1999 - 2002 | 2003 | 2004 - 2005 Ewald Lienen
26%
Jan Siewert
26%
2009 - 2012 | 2013 Marco Kurz
26%
2016 Markus Kauczinski
26%
2000 - 2002 Andreas Brehme
25%
2017 Andries Jonker
25%
2014 - 2015 Josef Zinnbauer
25%
2000 - 2003 | 2003 - 2005 | 2005 - 2007 Klaus Augenthaler
25%
1998 - 2001 Lorenz-Günther Köstner
25%
2017 - 2019 Michael Köllner
25%
Peter Zeidler
25%
2011 - 2012 Ståle Solbakken
25%
2010 - 2011 Steve McClaren
25%
2016 - 2017 Maik Walpurgis
24%
2008 - 2009 | 2011 Michael Oenning
24%
2013 - 2014 Thomas Schneider
24%
2004 - 2005 Dick Advocaat
23%
2007 - 2009 Edmund Becker
22%
2004 - 2007 Petrik Sander
22%
2000 - 2001 Berti Vogts
21%
2015 - 2016 Jürgen Kramny
21%
2003 - 2004 | 2005 - 2009 Marcel Koller
21%
2005 - 2007 | 2008 Thomas von Heesen
21%
2013 - 2014 Gertjan Verbeek
20%
2004 - 2005 | 2009 Jörg Berger
20%
2012 Krassimir Balakow
20%
2012 - 2013 Michael Wiesinger
20%
2017 - 2018 Stefan Ruthenbeck
20%
2002 - 2004 Willi Reimann
20%
2009 - 2010 Zvonimir Soldo
20%
2016 - 2017 Daniel Stendel
19%
2000 Bernd Krauss
18%
2010 Dariusz Wosz
18%
2003 - 2004 | 2005 Holger Fach
18%
2008 - 2009 Fred Rutten
17%
2001 - 2003 Peter Pacult
17%
2002 - 2004 | 2004 - 2005 Eric Gerets
16%
2007 Ernst Middendorp
16%
2010 - 2011 Frank Schaefer
14%
2001 - 2003 | 2004 - 2005 Kurt Jara
14%
2003 Marc Wilmots
14%
2004 - 2005 | 2005 Uwe Rapolder
14%
2007 - 2009 Bojan Prasnikar
13%
2006 Hanspeter Latour
13%
2000 - 2004 Benno Möhlmann
12%
2006 - 2008 Rudi Bommer
12%
2009 - 2010 Andreas Bergmann
11%
2002 - 2003 Frank Neubarth
11%
2005 - 2006 Horst Köppel
11%
2005 - 2006 Jürgen Kohler
11%
2005 Michael Henke
11%
2004 Gerald Vanenburg
10%
2001 - 2002 | 2003 - 2004 Juri Schlünz
10%
2007 Karsten Heine
10%
2011 Marco Pezzaiuoli
10%
2000 - 2002 Dietmar Demuth
9%
2001 Friedel Rausch
9%
2000 - 2001 Ralf Zumdick
8%
2001 Rolf Schafstall
6%
2007 Frank Geideck
5%
Keine übereinstimmenden Quizze gefunden
Verteilung der Resultate
Anzahl Personen mit jedem Resultat
Perzentil nach korrekt beantworteten Fragen
Ihre Resultats-Entwicklung
Sie haben dieses Quiz seit der letzten Aktualisierung nicht gespielt